Does a failure to complete justify forfeiture of a deposit? (Record no. 80624)
[ view plain ]
| 000 -LEADER | |
|---|---|
| fixed length control field | 01495cab a22002655a 4500 |
| 001 - CONTROL NUMBER | |
| control field | L144879 |
| 008 - FIXED-LENGTH DATA ELEMENTS--GENERAL INFORMATION | |
| fixed length control field | 080815s2008 xxk f v 000 0 eng d |
| 035 ## - SYSTEM CONTROL NUMBER | |
| System control number | (Sirsi) u144879 |
| 041 0# - LANGUAGE CODE | |
| Language code of text/sound track or separate title | eng |
| 100 1# - MAIN ENTRY--PERSONAL NAME | |
| Personal name | Rider, Deborah |
| 245 00 - TITLE STATEMENT | |
| Title | Does a failure to complete justify forfeiture of a deposit? |
| Remainder of title | an analysis of recent case law |
| Medium | [electronic resource] |
| 260 ## - PUBLICATION, DISTRIBUTION, ETC. | |
| Place of publication, distribution, etc. | London |
| Name of publisher, distributor, etc. | PLA |
| Date of publication, distribution, etc. | 2008 |
| 520 ## - SUMMARY, ETC. | |
| Summary, etc. | Discusses the case of Midill (97PL) Ltd v Park Lane Estates Ltd and another [2008] EWHC 18 (Ch), (see L143243). The case concerned a company that had paid a deposit for the purchase of a property, but had not been ready, able or willing to complete. As a result, the company lost their deposit. Summarises the background to the case and comments on the position prior to the Midill case. Comments on the case and considers whether the relevant provisions of the Law of Property Act 1925 can be avoided. |
| 590 ## - LOCAL NOTE (RLIN) | |
| Local note | KA |
| 650 24 - SUBJECT ADDED ENTRY--TOPICAL TERM | |
| Topical term or geographic name entry element | MIDILL (97PL) LTD V PARK LANE ESTATES LTD AND ANOTHER |
| 650 24 - SUBJECT ADDED ENTRY--TOPICAL TERM | |
| Topical term or geographic name entry element | OMAR V EL-WAKIL |
| 650 24 - SUBJECT ADDED ENTRY--TOPICAL TERM | |
| Topical term or geographic name entry element | UNIVERSAL CORPORATION V FIVE WAYS PROPERTIES LTD |
| 650 24 - SUBJECT ADDED ENTRY--TOPICAL TERM | |
| Topical term or geographic name entry element | TENNARO LTD V MAJORARCH LTD |
| 650 24 - SUBJECT ADDED ENTRY--TOPICAL TERM | |
| Topical term or geographic name entry element | ARIBISALA V ST JAMES HOMES (GROSVENOR DOCK) LTD |
| 650 24 - SUBJECT ADDED ENTRY--TOPICAL TERM | |
| Topical term or geographic name entry element | LAW OF PROPERTY ACT 1925 |
| 651 #4 - SUBJECT ADDED ENTRY--GEOGRAPHIC NAME | |
| Geographic name | England and Wales |
| Chronological subdivision | 1543- |
| 690 ## - LOCAL SUBJECT ADDED ENTRY--TOPICAL TERM (OCLC, RLIN) | |
| Topical term or geographic name as entry element | PROPERTY-PROPERTY ACQUISITION AND DISPOSAL |
| 856 40 - ELECTRONIC LOCATION AND ACCESS | |
| Uniform Resource Identifier | <a href="https://www.pla.org.uk/__data/assets/word_doc/0007/61927/Deborah_Rider.doc">https://www.pla.org.uk/__data/assets/word_doc/0007/61927/Deborah_Rider.doc</a> |
| Public note | Download this Word document on the pla.org.uk website. |
| 942 ## - ADDED ENTRY ELEMENTS (KOHA) | |
| Suppress in OPAC | 0 |
| Withdrawn status | Lost status | Source of classification or shelving scheme | Damaged status | Not for loan | Home library | Current library | Shelving location | Date acquired | Total Checkouts | Full call number | Barcode | Date last seen | Copy number | Price effective from | Koha item type |
|---|---|---|---|---|---|---|---|---|---|---|---|---|---|---|---|
| Dewey Decimal Classification | Virtual | Virtual | Online | 15/08/2008 | ONLINE PUBLICATION | 144879-1001 | 06/08/2019 | 1 | 06/08/2019 | Journal article |